[Event "RSA-ch Seniors"]
[Site "Cape Town"]
[Date "2024.03.25"]
[Round "1"]
[White "Southey, Andrew M"]
[Black "Danisa, Cyril T"]
[Result "0-1"]
[WhiteElo "1771"]
[BlackElo "1852"]
[PlyCount "62"]
[EventDate "2024.03.25"]
[EventType "tourn"]
[EventRounds "11"]
[EventCountry "RSA"]
[SourceTitle "CBM 219 Extra"]
[Source "ChessBase"]
[SourceDate "2024.05.31"]
[SourceVersion "1"]
[SourceVersionDate "2024.05.31"]
[SourceQuality "1"]

1. d3 d5 2. Nf3 Nf6 3. c3 e6 4. Qc2 Bd6 5. e4 e5 6. Be2 0-0 7. Bg5 dxe4 8. dxe4 Be6 9. 0-0 h6 10. Bh4 Nbd7 11. Nbd2 Qe8 12. Rfe1 Nh7 13. Rad1 f6 14. Nc4 Be7 15. Ne3 g6 16. Bg3 Qf7 17. b3 Rad8 18. Nd5 Bd6 19. h3 Kh8 20. Qd2 Kg7 21. Nh2 f5 22. exf5 gxf5 23. Bc4 Nhf6 24. Nf3 Ne4 25. Qe3 Nxg3 26. Nxe5 Bxe5 27. f4 Ne4 28. fxe5 b5 29. Bxb5 Bxd5 30. Rxd5 Qxd5 31. Bc4 Qc5 0-1

[Event "WchT Seniors 50"]
[Site "Prague"]
[Date "2020.03.12"]
[Round "7.2"]
[White "Southey, Andrew M"]
[Black "Nowack, Achim"]
[Result "1-0"]
[WhiteElo "1781"]
[BlackElo "1725"]
[PlyCount "41"]
[EventDate "2020.03.06"]
[EventType "team-swiss"]
[EventRounds "7"]
[EventCountry "CZE"]
[SourceTitle "CBM 195 Extra"]
[Source "ChessBase"]
[SourceDate "2020.05.31"]
[SourceVersion "1"]
[SourceVersionDate "2020.05.31"]
[SourceQuality "1"]
[WhiteTeam "South Africa 50"]
[BlackTeam "Germany 50 XII"]
[WhiteTeamCountry "RSA"]
[BlackTeamCountry "GER"]

1. e4 g6 2. d4 Bg7 3. Be3 c5 4. c3 cxd4 5. Bxd4 Nf6 6. e5 Nh5 7. Nf3 Qa5 8. Nbd2 Nc6 9. Nc4 Qc7 10. Qd2 Nxd4 11. cxd4 Bf8 12. Rc1 Qd8 13. Bd3 Ng7 14. 0-0 e6 15. Ng5 f5 16. exf6 Qxf6 17. Ne4 Qd8 18. Ncd6+ Bxd6 19. Nxd6+ Ke7 20. Qg5+ Kxd6 21. Qc5# 1-0

[Event "WchT Seniors 50"]
[Site "Prague"]
[Date "2020.03.06"]
[Round "1.24"]
[White "Bartos, Jan"]
[Black "Southey, Andrew M"]
[Result "1-0"]
[WhiteElo "2102"]
[BlackElo "1781"]
[PlyCount "79"]
[EventDate "2020.03.06"]
[EventType "team-swiss"]
[EventRounds "7"]
[EventCountry "CZE"]
[SourceTitle "CBM 195 Extra"]
[Source "ChessBase"]
[SourceDate "2020.05.31"]
[SourceVersion "1"]
[SourceVersionDate "2020.05.31"]
[SourceQuality "1"]
[WhiteTeam "Czech Republic 50 V"]
[BlackTeam "South Africa 50"]
[WhiteTeamCountry "CZE"]
[BlackTeamCountry "RSA"]

1. d4 f5 2. g3 Nf6 3. Bg2 g6 4. Nf3 Bg7 5. 0-0 0-0 6. b3 d6 7. Bb2 Na6 8. c4 c6 9. Nbd2 Qe8 10. Qc2 h6 11. Rfe1 Qf7 12. a3 Nc7 13. Nh4 Nh5 14. f4 g5 15. fxg5 hxg5 16. Nhf3 g4 17. Nh4 Bf6 18. d5 Bxh4 19. gxh4 cxd5 20. cxd5 Nxd5 21. Nc4 Ndf4 22. Qc3 Qf6 23. Qxf6 Nxf6 24. Bh1 Rb8 25. Rac1 Be6 26. Na5 Ne4 27. Bxe4 fxe4 28. Bd4 b6 29. Nc6 Rb7 30. b4 Bd5 31. Be3 e5 32. Bxf4 exf4 33. Red1 Rf5 34. Nd4 Rh5 35. Rc8+ Kf7 36. Rdc1 Kf6 37. Rd8 Ke5 38. Nb5 Rh6 39. Re8+ Re6 40. Rg8 1-0

[Event "RSA-ch Seniors"]
[Site "Cape Town"]
[Date "2019.12.09"]
[Round "3"]
[White "Southey, Andrew M"]
[Black "Willenberg, Roland C"]
[Result "1/2-1/2"]
[WhiteElo "1758"]
[BlackElo "1739"]
[PlyCount "100"]
[EventDate "2019.12.07"]
[EventType "tourn"]
[EventRounds "11"]
[EventCountry "RSA"]
[SourceTitle "CBM 193 Extra"]
[Source "ChessBase"]
[SourceDate "2020.01.31"]
[SourceVersion "1"]
[SourceVersionDate "2020.01.31"]
[SourceQuality "1"]

1. e4 c5 2. Nf3 e6 3. d3 d5 4. Nbd2 Nc6 5. g3 Nf6 6. Bg2 dxe4 7. dxe4 e5 8. 0-0 Bg4 9. c3 Be7 10. Qc2 0-0 11. Nc4 Qc7 12. Ne3 Rad8 13. Nxg4 Nxg4 14. h3 Nf6 15. Nh4 g6 16. Bh6 Rfe8 17. Kh2 Nh5 18. Nf3 b5 19. Qe2 c4 20. a4 a6 21. Ne1 Na5 22. axb5 axb5 23. Nc2 Nb3 24. Rad1 Rxd1 25. Rxd1 Rd8 26. Ne3 Rxd1 27. Qxd1 Qd8 28. Nd5 Nc5 29. Nxe7+ Qxe7 30. Qd5 Ng7 31. Bg5 Qxg5 32. Qa8+ Ne8 33. Qxe8+ Kg7 34. Qxb5 Nd3 35. Qxc4 Nxb2 36. Qb5 Nd1 37. Qc5 h6 38. c4 Qd2 39. Qxe5+ Kf8 40. Qd5 Qe2 41. e5 Nxf2 42. c5 Nd1 43. c6 Ne3 44. Qf3 Qxf3 45. Bxf3 Ke7 46. Kg1 Kd8 47. Be2 Kc7 48. Kf2 Nd5 49. Bb5 Ne7 50. Bc4 Nxc6 1/2-1/2

[Event "RSA-ch Seniors"]
[Site "Cape Town"]
[Date "2019.12.07"]
[Round "1"]
[White "Southey, Andrew M"]
[Black "Pick, Deon D"]
[Result "1-0"]
[WhiteElo "1758"]
[BlackElo "1807"]
[PlyCount "127"]
[EventDate "2019.12.07"]
[EventType "tourn"]
[EventRounds "11"]
[EventCountry "RSA"]
[SourceTitle "CBM 193 Extra"]
[Source "ChessBase"]
[SourceDate "2020.01.31"]
[SourceVersion "1"]
[SourceVersionDate "2020.01.31"]
[SourceQuality "1"]

1. e4 c5 2. Nf3 e6 3. d3 Nc6 4. g3 g6 5. Bg2 Bg7 6. 0-0 Nge7 7. Re1 0-0 8. c3 d5 9. Qe2 dxe4 10. dxe4 e5 11. Na3 a6 12. Nc4 Qc7 13. Ne3 Re8 14. g4 h6 15. h4 Be6 16. h5 Qc8 17. hxg6 fxg6 18. g5 h5 19. Nh4 Kh7 20. Bf3 Bf7 21. Kh2 Qd7 22. Bxh5 gxh5 23. g6+ Bxg6 24. Nxg6 Kxg6 25. Rg1+ Kf6 26. Qf3+ Ke6 27. Rxg7 Kd6 28. Nf5+ Kc7 29. Bg5 Rf8 30. Rd1 Qe6 31. Qe3 Rf7 32. Rxf7 Qxf7 33. Nxe7 Nxe7 34. Qxc5+ Nc6 35. Qd6+ Kc8 36. Be3 Qe7 37. Qxe7 Nxe7 38. Rd6 Kc7 39. Rh6 Nc6 40. Rxh5 Rg8 41. Rg5 Re8 42. Kg3 Re7 43. f4 exf4+ 44. Bxf4+ Kd7 45. Kf3 Rf7 46. a4 Nd8 47. Ke3 Ne6 48. Rd5+ Kc8 49. Rf5 Rh7 50. Be5 Kd7 51. b4 Rh3+ 52. Rf3 Rh2 53. c4 Ke7 54. Rg3 Kd7 55. Bd4 Kc7 56. b5 Kd7 57. c5 axb5 58. axb5 Kc7 59. Kd3 Kd7 60. Rf3 Ke7 61. Kc4 Rh1 62. Bc3 Rc1 63. Rh3 Nxc5 64. Kxc5 1-0

[Event "Western Province-chT"]
[Site "Cape Town"]
[Date "2018.08.11"]
[Round "3"]
[White "Southey, Andrew M"]
[Black "Geduld, Jamie M"]
[Result "0-1"]
[WhiteElo "1718"]
[BlackElo "1528"]
[PlyCount "57"]
[EventDate "2018.08.04"]
[EventType "team-tourn"]
[EventRounds "11"]
[EventCountry "RSA"]
[SourceTitle "EXT 2020"]
[Source "ChessBase"]
[SourceDate "2019.10.17"]
[SourceVersion "1"]
[SourceVersionDate "2019.10.17"]
[SourceQuality "1"]
[WhiteTeam "Stellenbosch"]
[BlackTeam "Blackjacks"]
[WhiteTeamCountry "RSA"]
[BlackTeamCountry "RSA"]

1. e4 c5 2. Nf3 d6 3. d4 cxd4 4. Nxd4 Nf6 5. Nc3 a6 6. Bg5 e6 7. f4 Be7 8. Qf3 Qc7 9. 0-0-0 0-0 10. Bd3 Nc6 11. Nde2 Nb4 12. Ng3 Nxd3+ 13. Rxd3 Bd7 14. Nh5 Qd8 15. Nxf6+ Bxf6 16. Bxf6 Qxf6 17. Rxd6 Bc6 18. Rhd1 Rad8 19. Rxd8 Rxd8 20. Rxd8+ Qxd8 21. Qd3 Qb6 22. g3 g6 23. h4 Qf2 24. b3 h5 25. Kb2 Qc5 26. Na4 Qb4 27. e5 Kg7 28. Nc3 Kg8 29. a4 0-1

[Event "Bloemfontein-ch op"]
[Site "Bloemfontein"]
[Date "2018.07.09"]
[Round "5"]
[White "Magagula, Raymond"]
[Black "Southey, Andrew M"]
[Result "1/2-1/2"]
[WhiteElo "1565"]
[BlackElo "1762"]
[PlyCount "138"]
[EventDate "2018.07.07"]
[EventType "swiss"]
[EventRounds "11"]
[EventCountry "RSA"]
[SourceTitle "EXT 2019"]
[Source "ChessBase"]
[SourceDate "2018.10.10"]
[SourceVersion "1"]
[SourceVersionDate "2018.10.10"]
[SourceQuality "1"]

1. e4 c5 2. Nc3 g6 3. g3 Bg7 4. Bg2 Nc6 5. d3 Nf6 6. Be3 d6 7. f3 e5 8. Qd2 Nd4 9. Nd1 Be6 10. c3 Nc6 11. Bh6 0-0 12. h4 d5 13. Bxg7 Kxg7 14. Nf2 dxe4 15. fxe4 c4 16. Ngh3 cxd3 17. Qxd3 Qb6 18. 0-0 Rad8 19. Qc2 Rd7 20. Ng5 Bc4 21. Rfe1 h6 22. Nf3 Rfd8 23. Kh2 Be6 24. Re2 Qc5 25. b4 Qb6 26. a4 a6 27. Rb1 Bc4 28. b5 axb5 29. axb5 Bxe2 30. Qxe2 Ne7 31. Nxe5 Rd2 32. Qc4 Qe6 33. Qxe6 fxe6 34. Kg1 Nd7 35. Nf3 Ra2 36. Rd1 Raa8 37. Rd6 Nc5 38. Rxd8 Rxd8 39. Nd4 h5 40. Nd3 Rxd4 41. Nxc5 Rc4 42. Nxe6+ Kf6 43. Ng5 Rxc3 44. Kf2 b6 45. Nf3 Rc2+ 46. Kg1 Rb2 47. Bf1 Nc8 48. e5+ Ke6 49. Bh3+ Ke7 50. Bxc8 Rxb5 51. Kf2 Rc5 52. Bb7 b5 53. Be4 b4 54. Bxg6 b3 55. Ke3 b2 56. Kf4 Rc4+ 57. Ke3 Rg4 58. Bf5 Rxg3 59. Kf4 Rg4+ 60. Ke3 Rc4 61. Bd3 Rc1 62. Nd2 Rh1 63. Nc4 b1Q 64. Bxb1 Rxb1 65. Nd2 Re1+ 66. Kf4 Ke6 67. Nf3 Rf1 68. Ke4 Rxf3 69. Kxf3 Kxe5 1/2-1/2

[Event "Commonwealth & RSA op"]
[Site "Port Elizabeth"]
[Date "2013.07.09"]
[Round "6"]
[White "Kulkarni, Chinmay"]
[Black "Southey, Andrew M"]
[Result "1-0"]
[WhiteElo "2290"]
[BlackElo "1859"]
[PlyCount "45"]
[EventDate "2013.07.06"]
[EventType "swiss"]
[EventRounds "11"]
[EventCountry "RSA"]
[SourceTitle "CBM 155 Extra"]
[Source "ChessBase"]
[SourceDate "2013.08.26"]
[SourceVersion "1"]
[SourceVersionDate "2013.08.26"]
[SourceQuality "1"]

1. Nf3 Nf6 2. e4 g6 3. Nc3 Bg7 4. g3 0-0 5. Bg2 e6 6. 0-0 e5 7. d3 Nc6 8. Rb1 h6 9. Bd2 Nh5 10. b4 f5 11. Ne1 f4 12. Ne2 fxg3 13. hxg3 Ne7 14. c3 c6 15. b5 Qc7 16. Qb3+ Kh7 17. bxc6 bxc6 18. Qa3 Rb8 19. Rxb8 Qxb8 20. Nc2 Qc7 21. Be3 a6 22. Bd2 d5 23. Ne3 1-0

[Event "Commonwealth & RSA op"]
[Site "Port Elizabeth"]
[Date "2013.07.09"]
[Round "5"]
[White "Southey, Andrew M"]
[Black "Choko, Siyabonga V"]
[Result "1-0"]
[WhiteElo "1859"]
[BlackElo "2011"]
[PlyCount "41"]
[EventDate "2013.07.06"]
[EventType "swiss"]
[EventRounds "11"]
[EventCountry "RSA"]
[SourceTitle "CBM 155 Extra"]
[Source "ChessBase"]
[SourceDate "2013.08.26"]
[SourceVersion "1"]
[SourceVersionDate "2013.08.26"]
[SourceQuality "1"]

1. e4 c5 2. Nf3 d6 3. d4 cxd4 4. Nxd4 Nf6 5. Nc3 a6 6. Bg5 e6 7. f4 Be7 8. Qf3 Qc7 9. 0-0-0 Nbd7 10. Bd3 b5 11. Rhe1 Bb7 12. Qg3 b4 13. Nd5 exd5 14. exd5 g6 15. Qh4 Kd8 16. Rxe7 Kxe7 17. Re1+ Kf8 18. Bxf6 Kg8 19. Re7 h5 20. Bxh8 Bxd5 21. Bxg6 1-0